000 00423nam a22001697a 4500
003 MPLRDC
005 20220104142658.0
008 210129b ||||| |||| 00| 0 eng d
082 _a308.9 SWG v.2
100 _a少年儿童出版社编
245 _a十万个为什么: 物理. 二
_c
250 _a三版一刷
260 _a
_b少年儿童出版社
_c1982
300 _b
650 _a
942 _cBK
_o308.9 SWG v.2
999 _c32826
_d32816